000 00509nam a2200133Ia 4500
008 220216s9999 xx 000 0 und d
100 _aAgrawal Rakesh
245 0 _aClimate change: A clear and present danger
260 _bTerraGreen
_c2013
300 _a14
520 _aClimate change isnt just a distant possibility, its happening here and now. And the hills of Uttarakhand are bearing the brunt - the recent floods are only an indication of the impending doom.
650 _aClimate change
942 _cJS
999 _c55675
_d55675